What's the use of lectures? /
Saved in:
| Main Author: | |
|---|---|
| Format: | Book |
| Language: | English |
| Published: |
Exeter :
Intellect,
1998.
|
| Edition: | 5th ed. |
| Subjects: | |
| Tags: |
Add Tag
No Tags, Be the first to tag this record!
|
| LEADER | 01959nam a22003015a 4500 | ||
|---|---|---|---|
| 001 | 007740604-4 | ||
| 005 | 20020606104010.5 | ||
| 008 | 980824s1998 enka b 001 0 eng d | ||
| 010 | |a gb 98061036 | ||
| 015 | |a GB98-61036 | ||
| 020 | |a 187151679X (pbk) | ||
| 035 | 0 | |a ocm39747287 | |
| 040 | |a UKM |c UKM |d HLS | ||
| 050 | 1 | 4 | |a LC6515 |b .B54 1998 |
| 082 | 0 | 4 | |a 378.1796 |2 21 |
| 090 | |a LC6515 |b .B55 1998x | ||
| 100 | 1 | |a Bligh, Donald A. | |
| 245 | 1 | 0 | |a What's the use of lectures? / |c Donald Bligh. |
| 250 | |a 5th ed. | ||
| 260 | |a Exeter : |b Intellect, |c 1998. | ||
| 300 | |a 316 p. : |b ill. ; |c 23 cm. | ||
| 500 | |a First published: London : Donald A. Bligh, 1971. | ||
| 504 | |a Includes bibliographical references (p. 290-313) and index. | ||
| 505 | 0 | 0 | |g pt. 1. |t What objectives can lectures achieve -- |g 1. |t Evidence of what lectures achieve -- |g pt. 2. |t What factors affect the acquisition of information -- |g 2. |t Factors influencing memory -- |g 3. |t Factors affecting students' attention -- |g 4. |t Motivating students -- |g pt. 3. |t What lecture techniques apply these factors most effectively -- |g 5. |t Lecture organization -- |g 6. |t Making a point -- |g 7. |t Reasons and explanations -- |g 8. |t Aids to comprehending a point -- |g 9. |t Note taking in lectures -- |g 10. |t Purpose, preparation, and use of handouts -- |g 11. Lecture styles -- |g 12. |t Ways of obtaining feedback -- |g 13. |t Evaluation of lectures -- |g 14. |t Overcoming common difficulties -- |g 15. |t Lectures for the promotion of thought -- |g 16. |t Lectures to teach attitudes -- |g pt. 4. |t Alternatives when lecturing is inadequate -- |g 17. |t Lecture method alone is rarely adequate -- |g 18. |t Teaching methods to use with lectures -- |g 19. |t Some combinations of teaching methods -- |g pt. 5. |t Preparation for the use of lectures -- |g 20. |t Thinking the lecture through -- |g 21. |t Writing the notes -- |g 22. |t Lecturing for the first time. |
| 650 | 0 | |a Lectures and lecturing. | |
| 650 | 0 | |a College teaching. | |
| 988 | |a 20020608 | ||
| 906 | |0 OCLC | ||


